Veikkausliiga-seurat 2026 - Statistics

Yleistilastot
  • Tätä visaa on pelattu 91 kertaa
    30 viimeisimmän päivityksen jälkeen
  • Keskiarvotulos 11 / 12
Vastaustilastot
Maakunta Seura % Oikein
Päijät-Häme FC Lahti
100%
Uusimaa HJK
100%
Pohjois-Savo KuPS
100%
Pohjois-Pohjanmaa AC Oulu
95%
Varsinais-Suomi FC Inter
95%
Pirkanmaa Ilves
95%
Varsinais-Suomi TPS
95%
Uusimaa Gnistan
90%
Etelä-Pohjanmaa SJK
90%
Pohjanmaa VPS
90%
Pohjanmaa FF Jaro
85%
Ahvenanmaa IFK Mariehamn
70%
Ehtoja vastaavia visoja ei löytynyt
Tulosjakauma
Jokaisen tuloksen saaneiden osuus
Persentiili vastausten määrän mukaan
Tuloshistoriasi
Et ole pelannut tätä visaa sen viimeisimmän päivityksen jälkeen